000 01780nam a22002417a 4500
005 20220328152744.0
008 220328b ||||| |||| 00| 0 eng d
020 _a‎9789350293430
040 _cAloy
041 _aeng
082 _223
_a954.035
_bSHOW
100 _aArun Shourie
_926353
245 _aWorshipping false Gods:
_bAmbedkar and the facts which have been erased
260 _aNew Delhi
_bASA Publications0/
_c1997
300 _axii,663 p.
_bHB
_c22x14 cm.
365 _2History
_b450.00
_c
_d450.00
520 _aOver the last couple of decades, B.R. Ambedkar has come to be idolized as no other political leader has. His statue is one of the largest in the Parliament complex. Political parties have reaped rich electoral dividends riding on his name. A decades-old cartoon of him in a textbook rocked Parliament for days recently, causing parties across the political spectrum to run for cover and call for the withdrawal of the 'offending' cartoon. In Worshipping False Gods, Arun Shourie employs his scholarly rigour to cast a critical look at the legend of Ambedkar. With his distinctive eye for detail, Shourie delves into archival records to ask pertinent questions: Did Ambedkar coordinate his opposition to the freedom struggle with the British? How does his approach to social change contrast with that of Mahatma Gandhi's? Did the Constitution spring from him or did it grow as a dynamic living organism? Passionately argued and based on a mountain of facts that it presents, Worshipping False Gods compels us to go behind the myths on which discourse is built in India today.
650 _aConstitutional History
_926349
650 _aSocial Reformer
_926350
650 _aStatesman
_926351
700 _aSHOURIE (Arun)
_926352
942 _2ddc
_cGF
999 _c222061
_d222061